Сочинения. Т. 23: [Капитал (Запись № 9033460)

Подробности
000 -МАРКЕР
контрольное поле 01849nam2a22003491 4500
001 - ИДЕНТИФИКАТОР ЗАПИСИ
контрольное поле rc\4580191
005 - ИДЕНТИФИКАТОР ВЕРСИИ
контрольное поле 20250612123210.0
021 ## - НОМЕР ГОСУДАРСТВЕННОЙ РЕГИСТРАЦИИ
Код страны Российская Федерация
Номер [60-69673]
035 ## - ДРУГИЕ СИСТЕМНЫЕ НОМЕРА
Идентификатор записи (NLR Aleph) 008656286
100 ## - ДАННЫЕ ОБЩЕЙ ОБРАБОТКИ
Данные общей обработки 20130416d1960 |||y0rusy50 ca
101 0# - ЯЗЫК РЕСУРСА
Язык текста, звукозаписи и т.д. русский
102 ## - СТРАНА ПУБЛИКАЦИИ ИЛИ ПРОИЗВОДСТВА
Страна публикации Российская Федерация
105 ## - ПОЛЕ КОДИРОВАННЫХ ДАННЫХ: ТЕКСТОВЫЕ МАТЕРИАЛЫ, МОНОГРАФИЧЕСКИЕ
Кодированные данные о монографическом текстовом документе ch z |||||
135 ## - ПОЛЕ КОДИРОВАННЫХ ДАННЫХ: ЭЛЕКТРОННЫЕ РЕСУРСЫ
Кодированные данные для электронного ресурса crmn mmmaucua
200 1# - ЗАГЛАВИЕ И СВЕДЕНИЯ ОБ ОТВЕТСТВЕННОСТИ
Основное заглавие [Капитал
Сведения, относящиеся к заглавию Критика политической экономии
Первые сведения об ответственности Подгот. к печати А.И. Малыш]
Обозначение и номер части Т. 1. Кн. 1
Наименование части Процесс производства капитала
210 ## - ПУБЛИКАЦИЯ, РАСПРОСТРАНЕНИЕ И ДР.
Дата издания, распространения и т.д. 1960
Место издания, распространения и т.д. Б. м.
215 ## - ФИЗИЧЕСКАЯ ХАРАКТЕРИСТИКА
Специфическое обозначение материала и объем VI, 907 с., 1 л. портр.
Другие сведения о физической характеристике факс.
Размеры 23
325 1# - ПРИМЕЧАНИЕ О КОПИИ
Текст примечания Копия доступна в электронной библиотеке РНБ
461 #0 - УРОВЕНЬ НАБОРА
Встроенное поле 001rc\4580174
-- 2001#$aСочинения$fИн-т марксизма-ленинизма при ЦК КПСС$vТ. 23
-- 700#1$aМаркс$bК.$f1818-1883$gКарл
Системный номер (АБИС) связанной записи 9033355
Автор Маркс, К. (1818-1883)
Место публикации Москва
Дата публикации 1957
Издание 2-е изд.
Первые сведения об ответственности Ин-т марксизма-ленинизма при ЦК КПСС
Имя издателя, распространителя и т.д. Госполитиздат
Заглавие Сочинения
Номер тома Т. 23
700 #1 - ИМЯ ЛИЦА - ПЕРВИЧНАЯ ОТВЕТСТВЕННОСТЬ
Начальный элемент ввода Маркс
Часть имени, кроме начального элемента ввода К.
Даты 1818-1883
Расширение инициалов личного имени Карл
702 #1 - ИМЯ ЛИЦА - ВТОРИЧНАЯ ОТВЕТСТВЕННОСТЬ
Начальный элемент ввода Малыш
Часть имени, кроме начального элемента ввода А.И.
Код отношения Прочие
801 #0 - ИСТОЧНИК ЗАПИСИ
Страна Российская Федерация
Организация NLR
Правила каталогизации psbo
801 #1 - ИСТОЧНИК ЗАПИСИ
Страна Российская Федерация
Организация ELAR
Источник данных rusmarc
852 ## - МЕСТОНАХОЖДЕНИЕ И ШИФР ХРАНЕНИЯ
Идентификатор организации NLR
Шифр хранения (Call Number) МЭ 1-С/5-23-1
901 ## - ДАННЫЕ ОБ ОБЪЕКТЕ ОЦИФРОВКИ
-- Прочие
942 ## - ДОПОЛНИТЕЛЬНЫЕ ЭЛЕМЕНТЫ ЗАПИСИ (АБИС)
Тип экземпляра АБИС Книга
980 ## - КОЛЛЕКЦИЯ
Название коллекции Национальная библиография
981 22 - КОЛЛЕКЦИЯ ЭЛЕКТРОННОЙ БИБЛИОТЕКИ
Название коллекции Материалы по истории России
Название подколлекции 3. История России с 25 октября (7 ноября) 1917 года
981 22 - КОЛЛЕКЦИЯ ЭЛЕКТРОННОЙ БИБЛИОТЕКИ
Название коллекции Материалы по истории России
Название подколлекции 7. История развития общественной мысли и политических движений
Экземпляры
Тип экземпляра Дата поступления Библиотека постоянного хранения Библиотека текущего хранения Место хранения Шифр хранения Штрих-код Статус экземпляра Стоимость Источник поступления
Книга 13.08.2014 РНБ (Московский) РНБ (Московский) Фонд общего зала социально-экономической литературы С1 А120/С-23 1-1923633   10.00  
Книга 17.03.2015 РНБ (Московский) РНБ (Московский) Фонд общего зала социально-экономической литературы С1 А120/С-23 1-631533   10.00 Покупка
Книга 26.10.2013 РНБ (Садовая) РНБ (Садовая) Русский книжный фонд -Главное здание, Ленинский читальный зал МЭ 1-С/5-23-1 8656286-10      
Книга 25.04.2014 РНБ (Садовая) РНБ (Садовая) Фонд научного зала социально-экономической литературы Нз А120/М-270 1-494274      
Книга 12.11.2015 РНБ (Фонтанка) РНБ (Фонтанка) Юношеский читальный зал Ю А12/М-27 1-1156299     Источник неизвестен